000 00457nam a2200181Ia 4500
001 3174
005 20260306144901.0
008 260306t1994||||xx |||||||||||||| ||spa||
041 _aESP
082 _a261.8
_bD76
100 _aDifrieri Barone, Jorge A.
_eAUT
245 0 _aEl derecho del trabajo y la doctrina social de la iglesia
260 _c1994
300 _a140 páginas :
_c21 cm.
650 _aGEN
654 _aCHU
942 _cLIB
_dJUS
_fJUS
_2ddc
_n
999 _c3174
_d3174